Vai trò của giáo dục quốc phòng - An ninh cho sinh viên ở các trường Cao đẳng, đại học hiện nay /
Saved in:
| Main Author: | |
|---|---|
| Format: | Article |
| Language: | Vietnamese |
| Subjects: | |
| Tags: |
Add Tag
No Tags, Be the first to tag this record!
|
| Institutions: | Thư viện Trường Đại học Đà Lạt |
|---|
| LEADER | 00821nam a2200253 4500 | ||
|---|---|---|---|
| 001 | DLU180187436 | ||
| 005 | ##20180928 | ||
| 040 | # | # | |a DLU |b vie |
| 041 | # | # | |a vie |
| 044 | # | # | |a vn |
| 100 | # | # | |a Nguyễn Viết Dũng. |
| 245 | # | # | |a Vai trò của giáo dục quốc phòng - An ninh cho sinh viên ở các trường Cao đẳng, đại học hiện nay / |c Nguyễn Viết Dũng. |
| 653 | # | # | |a Giáo dục quốc phòng |
| 653 | # | # | |a Vai trò giáo dục |
| 773 | # | # | |t Tạp chí dạy và học ngày nay |g Số 01, 2017, tr. 16-18 |
| 920 | # | # | |a Phòng Tạp chí -- Trung tâm Thông tin - Thư viện Trường Đại học Đà Lạt |
| 994 | # | # | |a DLU |
| 900 | # | # | |a True |
| 911 | # | # | |a Trần Thị Minh Hương |
| 925 | # | # | |a G |
| 926 | # | # | |a A |
| 927 | # | # | |a BB |
| 980 | # | # | |a Thư viện Trường Đại học Đà Lạt |